000 00330nam a22001457a 4500
003 OSt
005 20260225153040.0
008 260225b |||||||| |||| 00| 0 eng d
020 _a889336093
082 _a551.48
_bVIJ/WA
245 _aWatershed Models
260 _aNew York
_bTylor & Francis
_c2006
300 _a653
942 _cBK
999 _c14423
_d14423